000 00884cam a2200217 i 4500
999 _c57417
_d57417
001 16974312
005 20221107152214.0
008 110923s2011 paua f b 001 0 eng
020 _a9781416047056 X
041 _aeng
080 _a611.81 G-77
245 0 0 _aGray's clinical neuroanatomy :
_bthe anatomic basis for clinical neuroscience /
_ceditor, Elliott Mancall, Thomas Jefferson David G. Brock,
264 1 _aPhiladelphia, PA :
_bElsevier Saunders,
_c2011.
300 _a433 pages :
_billustrations (some color) ;
_c32 cm.
653 _aმედიცინა
653 _aადამიანის ნეიროანატომია
700 1 _aMancall, Elliott L.,
_d
_98505
_eრედაქტორი
700 1 _aBrock, David G.
_98506
_eრედაქტორი
700 1 _aGray, Henry,
_d
_t
_98507
_eრედაქტორი
942 _2udc
_cBK